| 000 | 00420nam a22001697a 4500 | ||
|---|---|---|---|
| 005 | 20230726132219.0 | ||
| 008 | 230726b |||||||| |||| 00| 0 eng d | ||
| 082 |
_a615.82 _bKIS-T |
||
| 100 | _aKISNER,CAROLYN | ||
| 245 | _aTherapeutics Exercise | ||
| 260 |
_aUSA _bF.A DAVIS Company _c2007 |
||
| 300 | _a1022 | ||
| 500 | _ainclude index | ||
| 650 | _aMedical/physiotherapy | ||
| 700 | _aCAROLYN KISNER | ||
| 999 |
_c33154 _d33154 |
||